000 00931nam a2200217 a 4500
001 BRCA_1699
005 20190320203519.0
008 760204s1933 mx-a---###---#000-0#spa-#
040 _aDLC
_cTNJ
_dTxU
050 4 _aF1219.5
_b.C63 1933
245 1 0 _aCódices indígenas de algunos pueblos del marquesado del Valle de Oaxaca.
260 _aMéxico
_bTalleres Gráficos de la Nación
_c1933
300 _a1 v. (sin paginación)
_bil. (algunas a color)
_c36 cm.
500 _aLos códices fueron publicados por el AGN para el Primer Congreso Mexicano de Historia celebrado en la Ciudad de Oaxaca
600 1 4 _aCortés, Martín
_d1532-1589
_95309
650 1 4 _aManuscritos mexicanos
_xFacsímiles
_95310
650 1 4 _aIndígenas de México
_xIdiomas
_95311
651 4 _aMéxico
_xHistoria
_yColonias españolas, 1540-1810
_95312
711 2 _aCongreso Mexicano de Historia
_n(1st
_d1933
_cOaxaca de Juárez, México)
_95313
942 _2lcc
_cB
999 _c1490
_d1490